Diversity and Public Administration: Theory , Issues , and Perspectives (Record no. 320933)

000 -LEADER
fixed length control field 00440 a2200157 4500
001 - CONTROL NUMBER
control field 85860
003 - CONTROL NUMBER IDENTIFIER
control field NUST
005 - DATE AND TIME OF LATEST TRANSACTION
control field 20180121120453.0
008 - FIXED-LENGTH DATA ELEMENTS--GENERAL INFORMATION
fixed length control field 180121b xxu||||| |||| 00| 0 eng d
020 ## - INTERNATIONAL STANDARD BOOK NUMBER
International Standard Book Number 9788120326910
082 ## - DEWEY DECIMAL CLASSIFICATION NUMBER
Classification number 352.608 RIC
100 ## - MAIN ENTRY--PERSONAL NAME
Personal name Mitchell F. Rice
9 (RLIN) 9344
245 ## - TITLE STATEMENT
Title Diversity and Public Administration: Theory , Issues , and Perspectives
Medium English
250 ## - EDITION STATEMENT
Edition statement 1st
260 ## - PUBLICATION, DISTRIBUTION, ETC.
Place of publication, distribution, etc. New Delhi
Name of publisher, distributor, etc. Prentice Hall
Date of publication, distribution, etc. 2005
300 ## - PHYSICAL DESCRIPTION
Extent ix 254 p.
500 ## - GENERAL NOTE
General note Gifted By AM Masood Akhtar
942 ## - ADDED ENTRY ELEMENTS (KOHA)
Institution code [OBSOLETE] caenust
Koha item type Book
Call number prefix 352.608 RIC
Source of classification or shelving scheme
Holdings
Withdrawn status Lost status Damaged status Not for loan Collection code Permanent Location Current Location Date acquired Total Checkouts Full call number Barcode Date last seen Price effective from Koha item type
          College of Aeronautical Engineering (CAE) College of Aeronautical Engineering (CAE) 04/03/2017   352.608 RIC CAEG-9719 04/05/2017 04/05/2017 Book
© 2023 Central Library, National University of Sciences and Technology. All Rights Reserved.